000 00843nam a2200265Ia 4500
003 OSt
005 20221005105807.0
006 a|||||r|||| 00| 0
007 ta
008 221004b |||||||| |||| 00| 0 hin d
020 _a817138031X (hbk)
024 _a20934
037 _bGift, 07/07/2015,
_cTextual
040 _aCRL
_cCRL
_bhin
041 _2hin
_ahin
082 _aO152,3N52x, P4
100 _aआनन्द, मधुसूदन
245 0 _aबचपन
246 _aBachapana
260 _aनई दिल्ली
_bसामयिक प्रकाशन भारत
_c2004
300 _a160पृ0
_ccm.
650 _aहिन्दी साहित्य
942 _hO152,3N52x, P4
_cTEXL
_2cc
999 _c1016922
_d1016922